| 000 | 01637nam a2200229 a 4500 | ||
|---|---|---|---|
| 001 | 000016259 | ||
| 005 | 20200929164336.0 | ||
| 008 | 100302s2008 ve abc 000 0 spa d | ||
| 020 | _a9789803192471 | ||
| 040 |
_aDO-SdBNP _bspa _cBNPHU |
||
| 082 |
_a027.587 _bH658h |
||
| 100 | 1 |
_aHimiob, Santos, _d1960- _936321 |
|
| 245 | 1 | 0 |
_aHistoria de la Biblioteca Nacional de Venezuela / _cSantos Himiob ; prólogo Fernando Báez. |
| 260 |
_aCaracas, Venezuela : _bInstituto Autónomo Biblioteca Nacional y de Servicios de Bibliotecas, _c2008. |
||
| 300 |
_a196 p. : _bil., maps., retrs. ; _c28 cm. |
||
| 504 | _aIncluye referencias bibliográficas y notas al pie de las páginas. | ||
| 504 | _aIncluye bibliografías (p. 152-158) | ||
| 505 | 2 | _aPrólogo / Fernando Baéz -- Introducción -- La colonización : Inicios de la dominación cultural -- Etapas siglos XV-XVIII (1498-1799) -- Proceso de emancipación venezolana -- Etapa 1800-1830: Propuesta de una biblioteca pública para Caracas -- La biblioteca nacional: Desde su establecimiento hasta la creación de un instituto autónomo -- Etapa 1830-1899: Creación, formación y concreción -- Etapa 1900-1974: Modernización y nuevos espacios -- Etapa 1974-1999: Instituto autónomo vs. crisis económicas -- Etapa 2001-2008: Camino hacia el socialismo del siglo XXI -- A manera de reflexión -- Colecciones y servicios de la biblioteca nacional -- Biblioteca nacional en cifras: Programa de servicios de atención al público -- Bibliografía-- Apéndice. | |
| 650 | 4 |
_aBibliotecas nacionales _zVenezuela _xHistoria _936322 |
|
| 700 | 1 |
_aBáez, Fernando, _epról. _936307 |
|
| 049 | _aBNPD | ||
| 999 |
_c15796 _d15796 |
||